Soil, Fertilizer, and Plant Silicon Research in Japan : (Record no. 601830)

MARC details
000 -LEADER
fixed length control field 00505nam a2200193 a 4500
008 - FIXED-LENGTH DATA ELEMENTS--GENERAL INFORMATION
fixed length control field 251209s2002##################000#0#eng##
020 ## - INTERNATIONAL STANDARD BOOK NUMBER
ISBN 9780444511669
082 04 - DEWEY DECIMAL CLASSIFICATION NUMBER
Classification number 631.8
Item number MA
100 1# - MAIN ENTRY--AUTHOR NAME
Personal name Ma, Jian Feng,
245 10 - TITLE STATEMENT
Title Soil, Fertilizer, and Plant Silicon Research in Japan :
260 ## - PUBLICATION, DISTRIBUTION, ETC. (IMPRINT)
Name of publisher Elsevier Science Limited,
Year of publication 2002.
300 ## - PHYSICAL DESCRIPTION
Number of Pages 281 pages
650 #0 - SUBJECT ADDED ENTRY--TOPICAL TERM
Topical Term Gardening.
942 ## - ADDED ENTRY ELEMENTS (KOHA)
Koha item type English Books
Holdings
Withdrawn status Lost status Damaged status Not for loan Home library Current library Shelving location Date acquired Full call number Accession Number Price effective from Koha item type
        Anna Centenary Library Anna Centenary Library 6TH FLOOR, A WING 09.12.2025 631.8 MA 329726 09.12.2025 English Books

Find us on the map